000 00663cam a2200169 i 4500
005 20251124121705.0
008 250721s1999 jo gr 000 0 ara d
082 1 4 _a211.61
_bح م د
100 1 _aأبو حمده، محمد علي
_eمؤلف.
245 1 2 _aالبهيج في أساليب البيان في القرآن الكريم و الحديث الشريف و نصوص من العربية /
_cد. محمد علي ابو حمده.
264 3 1 _aعمان :
_bدار عمار للنشر والتوزيع،
_c1998.
300 _a228 صفحة.
650 1 7 _aالقرآن الكريم.
650 1 7 _aالبلاغة.
942 _2ddc
_cBK
999 _c6134
_d6134